Statistics for "Bad"dest cities

Click here to take the quiz!

General Stats

  • This quiz has been taken 16 times
    (15 since last reset)
  • The average score is 4 of 10

Answer Stats

AreaCity% Correct
IndiaAhmedabad
87%
PakistanIslamabad
87%
IndiaHyderabad
80%
PakistanHyderabad
80%
PakistanFaisalabad
60%
AfricaIbadan
20%
IndiaAllahabad
13%
IndiaFaridabad
13%
IndiaGhaziabad
7%
IndiaDharbad
0%

Score Distribution

Percentile by Number Answered

Percent of People with Each Score

Your Score History

You have not taken this quiz since the last reset